Normal view
MARC view
Entry Personal Name
001 - CONTROL NUMBER
- control field: 25115
003 - CONTROL NUMBER IDENTIFIER
- control field: OSt
005 - DATE AND TIME OF LATEST TRANSACTION
- control field: 20211225173453.0
008 - FIXED-LENGTH DATA ELEMENTS
- fixed length control field: 211225|| aca||aabn | a|a d
040 ## - CATALOGING SOURCE
- Original cataloging agency: OSt
- Transcribing agency: OSt
100 ## - HEADING--PERSONAL NAME
- Personal name: Sweitzer, H. Frederick
670 ## - SOURCE DATA FOUND
- Source citation: Work cat.: (OSt)24125: Sweitzer, H. Frederick, The successful internship : personal, professional, and civic development, 2009